Principles of genetics / (Record no. 12891)

000 -LEADER
fixed length control field 00404nam a2200157 a 4500
020 ## - INTERNATIONAL STANDARD BOOK NUMBER
ISBN 0697218899
040 ## - CATALOGING SOURCE
Transcribing agency DLC
082 ## - DEWEY DECIMAL CLASSIFICATION NUMBER
Classification number 575 WM.C 1996 A028 Or.
100 1# - MAIN ENTRY--AUTHOR NAME
Personal name Tamarin, Robert H
245 10 - TITLE STATEMENT
Title Principles of genetics /
250 ## - EDITION STATEMENT
Edition statement 5th ed
260 ## - PUBLICATION, DISTRIBUTION, ETC. (IMPRINT)
Place of publication Dubuque, IA :
Name of publisher Wm. C. Brown Publishers,
Year of publication c1996
300 ## - PHYSICAL DESCRIPTION
Number of Pages xvii, 683 p. :
Other physical details ill. (some col.) ;
Dimensions 28 cm
650 #0 - SUBJECT ADDED ENTRY--TOPICAL TERM
Topical Term Genetics
942 ## - ADDED ENTRY ELEMENTS (KOHA)
Koha item type សៀវភៅភាសាអង់គ្លេស
952 ## - LOCATION AND ITEM INFORMATION (KOHA)
Withdrawn status [LOCAL, KOHA] 0
Holdings
Permanent Location Date acquired Koha item type Lost status Shelving location Barcode Current Location Full call number
Library Block A2017-08-18សៀវភៅភាសាអង់គ្លេស A028A13930Library Block A575 WM.C 1996 A028 Or.
មជ្ឈមណ្ឌលឯការនៃសាកលវិទ្យាល័យភូមិន្ទកសិកម្មចំការដូង

Powered by Koha